Historia del antiguo Egipto/ (Registro nro. 322791)

Detalles MARC
000 -ENCABEZADO
Número de control [NR] 00919nam a22002297a 4500
005 - FECHA Y HORA DE LA ÚLTIMA TRANSACCIÓN
control field 20230630105810.0
008 - DE LONGITUD FIJA DE DATOS DE ELEMENTOS - INFORMACIÓN GENERAL
Elementos de longitud fija [NR] 230630b ||||| |||| 00| 0 eng d
020 ## - NUMERO INTERNACIONAL NORMALIZADO PARA LIBROS [R]
Número Internacional Normalizado del libro [NR] 9788446006213
040 ## - FUENTE DE CATALOGACION [NR]
Agencia de catalogación original [NR] CO-BoUCM
Quien Cataloga David Moreno
Quien Clasifica David Moreno
100 ## - ASIENTO PRINCIPAL--NOMBRE PERSONAL [NR]
Nombre personal [NR] Grimal, Nicolás
ID Autoridad 178012
245 1# - MENCION DE TITULO [NR]
Título [NR] Historia del antiguo Egipto/
Mención de responsabilidad, etc. [NR] Nicolás Grimal
260 ## - PUBLICACION, DISTRIBUCION, ETC. (PIE DE IMPRENTA) [R]
Lugar de publicación, distribución, etc. [R] Madrid (España)
Nombre del editor, distribuidor, etc. [R] Ediciones Akal
Fecha de publicación, distribución, etc. [R] 2004
300 ## - DESCRIPCION FISICA [R]
Extensión [R] 556 Paginas:
Otros detalles físicos [NR] ilustraciones
504 ## - NOTA DE BIBLIOGRAFIA, ETC. [R]
Nota de bibliografía, etc. [NR] Incluye referencias bibliográficas e índices
650 14 - ASIENTO SECUNDARIO DE MATERIA - TERMINO TEMATICO [R]
Término temático o nombre geográfico como elemento de entrada [NR] Arqueologia
Subdivisión general [R] Historia
Subdivisión geográfica [R] Egipto
9 (RLIN) 178013
651 14 - ASIENTO SECUNDARIO DE MATERIA - NOMBRE GEOGRAFICO [R]
Nombre geográfico [NR] Egipto
Subdivisión de forma [R] Excavaciones arqueológicas
Subdivisión general [R] Historia antigua
9 (RLIN) 178014
700 1# - ASIENTO SECUNDARIO - NOMBRE PERSONAL [R]
Nombre personal [NR] Fernandez Albalat, Blanca Garcia
Término de relación [R] traductor
9 (RLIN) 178015
700 1# - ASIENTO SECUNDARIO - NOMBRE PERSONAL [R]
Nombre personal [NR] Barja de Qiroga, Pedro lopez
Término de relación [R] traductor
9 (RLIN) 178016
700 1# - ASIENTO SECUNDARIO - NOMBRE PERSONAL [R]
Nombre personal [NR] Serrano Delgado, José Miguel
Término de relación [R] traductor
9 (RLIN) 178017
942 ## - ELEMENTOS DE ENTRADA AGREGADOS (KOHA)
Sistema de clasificación DEWEY
Tema principal Historia
Tipo de ítem principal el descrito en 300a Libro
Edición 1
Clasificación 932
Parte restante de la signatura top. N638h
Existencias
Total préstamos Signatura topográfica Código de barras Última vez visto Ejemplar Costo de reposición Price effective from Tipo de ítem Perdido Sistema de clasificación Dañado No prestable Tipo de ítem específico Suprimido Ubicación habitual Ubicación actual Localización Fecha de creación Forma de adquisición Costo
  932 N638h 100171443 14/02/2026 Ej.1 172800.00 30/06/2023 Libro   DEWEY     Libro   Claustro Claustro 2do piso 30/06/2023 Compra 172800.00